Podnikové financie Zbierka príkladov

Saved in:
Bibliographic Details
Main Author: Fetisovová, Elena
Corporate Author: Ekonomická univerzita v Bratislave. Fakulta podnikového manažmentu
Format: Book
Language:Slovak
Published: Bratislava Ekonóm 1996
Edition:1. vyd.
Subjects:
Tags: Add Tag
No Tags, Be the first to tag this record!

MARC

LEADER 00000nam a2200000 4500
001 c015439
005 20240502071310.7
020 |a 80-225-0783-0 
041 0 |a slo 
044 |a SK 
245 1 0 |a Podnikové financie  |b Zbierka príkladov  |c Elena Fetisovová a kol. 
250 |a 1. vyd. 
264 1 |a Bratislava  |b Ekonóm  |c 1996 
300 |a 151 s. 
610 2 0 |a financie podnikové 
610 2 0 |a cash flow 
610 2 0 |a likvidita majetku 
610 2 0 |a zdroje finančné 
610 2 0 |a úver 
610 2 0 |a kapitál fixný 
610 2 0 |a kapitál obežný 
610 2 0 |a zisk 
610 2 0 |a plánovanie finančné 
610 2 0 |a analýza finančná 
100 1 |a Fetisovová, Elena 
710 2 |a Ekonomická univerzita v Bratislave. Fakulta podnikového manažmentu